| 000 | 01141nam a22002897a 4500 | ||
|---|---|---|---|
| 005 | 20240530110405.0 | ||
| 008 | 150201s2009 ua g b 000 0 ara d | ||
| 017 |
_a2008/22639 _bمصر . دار الكتب المصرية |
||
| 020 | _a9774380508 | ||
| 040 | _aEG-CaGPL | ||
| 041 | 0 | _aara | |
| 082 | 0 | 4 |
_221 _a379.09\ _bم س |
| 100 | 0 | _aمنار محمد بغدادى | |
| 245 | 1 | 2 |
_aالسياسة التعليمية فى الدول النامية و المتقدمة / _cتاليف منار محمد بغدادى |
| 260 |
_aالاسكندرية : _bالمكتب الجامعى الحديث ، _c2009 |
||
| 300 |
_a495 ص ؛ _c24 سم |
||
| 504 | _aببليوجرافية : ص 411 - 495 | ||
| 650 | 0 | 4 | _aالتعليم |
| 650 | 0 | 4 | _aالسياسة التعليمية |
| 650 | 0 | 4 |
_aالمدارس _xتنظيم وادارة _zالصين |
| 650 | 0 | 4 |
_aالمدارس _xتنظيم وادارة _zمصر |
| 650 | 0 | 4 |
_aالمدارس _xتنظيم وادارة |
| 650 | 0 | 4 |
_aالتعليم _xاغراضه واهدافه |
| 650 | 0 | 4 |
_aالتعليم _zانجلترا |
| 942 |
_2ddc _cBK |
||
| 999 |
_c60342 _d60342 |
||